Структурная организация и архитектура компьютерных систем. Проектирование и производительность: пер. с англ.

Opis bibliograficzny
1. autor: Столлингс У. Уильям
Język:rosyjski
Wydane: Москва, Вильямс, 2002
Wydanie:5-е изд.
Hasła przedmiotowe:
Format: Książka
KOHA link:https://koha.lib.tpu.ru/cgi-bin/koha/opac-detail.pl?biblionumber=56255

MARC

LEADER 00000nam0a2200000 4500
001 56255
005 20231031053246.0
010 |a 5845902622 
035 |a (RuTPU)RU\TPU\book\59082 
090 |a 56255 
100 |a 20030926d2002 m y0rusy50 ca 
101 1 |a rus  |c eng 
102 |a RU 
105 |a a z 001zy 
200 1 |a Структурная организация и архитектура компьютерных систем. Проектирование и производительность  |e пер. с англ.  |f У. Столлингс 
205 |a 5-е изд. 
210 |a Москва  |c Вильямс  |d 2002 
215 |a 896 с.  |c ил. 
320 |a Словарь терминов: с. 855-871. 
320 |a Литература: с. 871-884. 
610 1 |a информатика 
610 1 |a персональные компьютеры 
610 1 |a архитектура 
610 1 |a эволюция 
610 1 |a компоненты 
610 1 |a устройство 
610 1 |a структура 
675 |a 681.322-181.4  |v 3 
700 1 |a Столлингс  |b У.  |g Уильям 
801 1 |a RU  |b 63413507  |c 20030926  |g PSBO 
801 2 |a RU  |b 63413507  |c 20061102  |g PSBO 
942 |c BK